Statistics for Armenia Quiz

Click here to take the quiz!

General Stats

  • This quiz has been taken 20 times
  • The average score is 7 of 8

Answer Stats

HintAnswer% Correct
Which religion was first adopted by Armenia?Christianity
94%
What is the capital of Armenia?Yerevan
94%
In what year did the Armenian Genocide occur?1915
89%
How many letters are in the Armenian alphabet?39
83%
Which mountain symbolizes Armenia?Ararat
83%
Which transcontinental country was Armenia part of in 1922?Soviet Union
78%
In which year did the Spitak earthquake happen?1988
72%
Who created the Armenian alphabet?Mesrop Mashtots
56%

Score Distribution

Percentile by Number Answered

Percent of People with Each Score

Your Score History

You have not taken this quiz